Educación física en educación básica : (Record no. 202134)

MARC details
000 -CABECERA
campo de control de longitud fija 00895nam a2200217 u 4500
005 - FECHA Y HORA DE LA ÚLTIMA TRANSACCIÓN
campo de control 20250812063923.0
008 - ELEMENTOS DE LONGITUD FIJA--INFORMACIÓN GENERAL
campo de control de longitud fija 190403s2011 mx r 000 0 spa d
020 ## - NÚMERO INTERNACIONAL NORMALIZADO PARA LIBROS
Número Internacional Estándar del Libro 9786074670738
035 ## - NÚMERO DE CONTROL DEL SISTEMA
Número de control de sistema UPN01000230039
049 ## - COLECCIÓN
Colección LTG
050 #4 - SIGNATURA TOPOGRÁFICA DE LA BIBLIOTECA DEL CONGRESO
Número de clasificación LB2003.4 A1.46
Número de documento/Ítem E3.8
245 00 - MENCIÓN DE TÍTULO
Título Educación física en educación básica :
Resto del título actualidad didáctica y formación continua de docentes /
Mención de responsabilidad, etc. coord. Leopoldo F. Rodríguez Gutiérrez.
260 ## - PUBLICACIÓN, DISTRIBUCIÓN, ETC.
Lugar de publicación, distribución, etc. México :
Nombre del editor, distribuidor, etc. SEP, Comisión Nacional de Libros de Texto Gratuitos,
Fecha de publicación, distribución, etc. 2011.
300 ## - DESCRIPCIÓN FÍSICA
Extensión 140 p. :
Otras características físicas tablas
440 #0 - MENCIÓN DE SERIE/ASIENTO SECUNDARIO--TÍTULO
Título Teoría y práctica curricular de la educación básica
650 #2 - ASIENTO SECUNDARIO DE MATERIA - TERMINO TEMATICO
Término de materia o nombre geográfico como elemento de entrada Educación Física -
Subdivisión general Estudio y enseñanza (Elemental) -
Subdivisión geográfica México
9 (RLIN) 21139
650 #4 - ASIENTO SECUNDARIO DE MATERIA - TERMINO TEMATICO
Término de materia o nombre geográfico como elemento de entrada MAESTROS DE EDUCACION FISICA EN SERVICIO, FORMACION DE
9 (RLIN) 4200
700 1# - ASIENTO SECUNDARIO--NOMBRE DE PERSONAL
Nombre de persona Rodríguez Gutiérrez, Leopoldo Felipe
Término indicativo de función/relación coord.
9 (RLIN) 42795
905 ## - TIPO DE MATERIAL
Tipo de material Libro
Holdings
Estado de retiro Estado de pérdida Fuente del sistema de clasificación o colocación Estado dañado No para préstamo Código de colección Localización permanente Ubicación/localización actual Ubicación en estantería Fecha de adquisición Clasificación Código de barras Fecha visto por última vez Número de copia Tipo de ítem Koha
    Library of Congress Classification   Disponible (Préstamo en sala) Libros de texto gratuitos Bib. Gregorio Torres Quintero Bib. Gregorio Torres Quintero Colecciones especiales Planta alta 03/05/2023 LB2003.4 A1.46 E3.8 330615 31/12/2020 1 Libro